Juan Valdez : (Registro nro. 15465)
[ vista simple ]
| 000 -LEADER | |
|---|---|
| fixed length control field | 01141nam a22002417a 4500 |
| 003 - CONTROL NUMBER IDENTIFIER | |
| control field | OSt |
| 005 - DATE AND TIME OF LATEST TRANSACTION | |
| control field | 20210323123500.0 |
| 008 - FIXED-LENGTH DATA ELEMENTS--GENERAL INFORMATION | |
| fixed length control field | 210323s2010 ck ao||gr|||| 00| 0bspa d |
| 020 ## - INTERNATIONAL STANDARD BOOK NUMBER | |
| International Standard Book Number | 9789589925638 |
| 040 ## - CATALOGING SOURCE | |
| Original cataloging agency | CO-JMCR |
| Transcribing agency | CO-JMCR |
| 041 0# - LANGUAGE CODE | |
| Language code of text/sound track or separate title | spa |
| Language code of original | eng |
| 082 04 - DEWEY DECIMAL CLASSIFICATION NUMBER | |
| Edition number | 23 |
| Classification number | 658.8 / |
| Item number | T693j |
| 100 1# - MAIN ENTRY--PERSONAL NAME | |
| Personal name | Torres, Natalia., |
| Relator term | autora |
| 9 (RLIN) | 36435 |
| 245 10 - TITLE STATEMENT | |
| Title | Juan Valdez : |
| Remainder of title | un cafetero que conquistó al mundo = Juan Valdez : a coffee grower who conquered the world / |
| Statement of responsibility, etc. | Natalia Torres ; traducción Tiziana Laudato. |
| 260 ## - PUBLICATION, DISTRIBUTION, ETC. | |
| Place of publication, distribution, etc. | Bogotá : |
| Name of publisher, distributor, etc. | Unatintamedios Editorial : |
| -- | Federación Nacional de Cafeteros de Colombia, |
| Date of publication, distribution, etc. | 2010. |
| 300 ## - PHYSICAL DESCRIPTION | |
| Extent | 139 páginas : |
| Other physical details | ilustraciones y fotografías en color ; |
| Dimensions | 31cm. |
| 504 ## - BIBLIOGRAPHY, ETC. NOTE | |
| Bibliography, etc. note | Bibliografía : páginas [141.] |
| 505 0# - FORMATTED CONTENTS NOTE | |
| Formatted contents note | Por qué Juan Valdez. -- Nace Juan Valdez. -- Una efectiva estrategia publicitaria. -- Desafios del Siglo XXI. -- La marca Juan Valdez como fuente de valor. -- Juan Valdez, los frutos de un esfuerzo. |
| 546 ## - LANGUAGE NOTE | |
| Language note | Textos en Español e Inglés. |
| 650 14 - SUBJECT ADDED ENTRY--TOPICAL TERM | |
| Topical term or geographic name entry element | Bibliografia Jaun Valdez |
| Geographic subdivision | Colombia |
| 9 (RLIN) | 36436 |
| 650 14 - SUBJECT ADDED ENTRY--TOPICAL TERM | |
| Topical term or geographic name entry element | Historia |
| General subdivision | Café |
| Geographic subdivision | Colombia |
| 9 (RLIN) | 36437 |
| 942 ## - ADDED ENTRY ELEMENTS (KOHA) | |
| Source of classification or shelving scheme | Dewey Decimal Classification |
| Koha item type | Books |
| Withdrawn status | Lost status | Source of classification or shelving scheme | Damaged status | Not for loan | Home library | Current library | Shelving location | Date acquired | Source of acquisition | Total Checkouts | Full call number | Barcode | Date last seen | Date last checked out | Copy number | Price effective from | Koha item type |
|---|---|---|---|---|---|---|---|---|---|---|---|---|---|---|---|---|---|
| Dewey Decimal Classification | Biblioteca Pública José María del Castillo y Rada | Biblioteca Pública José María del Castillo y Rada | General Stacks | Donación | 2 | 658.8 / T693j | 201810970 | 04/15/2026 | 04/15/2026 | Ej.1 | Books |